Odgadnij polskie miasta w których kiedyś był tramwaj - Statystyki

Ogólne statystyki
  • Ten quiz został rozwiązany 52 razy
  • Średni wynik to 7 z 17
Statystyki odpowiedzi
Zlikwidowano Miasto % Poprawnych
1965 (ponownie zbudowany w 2015) Olsztyn
69%
1966 Wałbrzych
60%
1971 Bielsko-Biała
58%
1915 Białystok
56%
1942 Tarnów
56%
1968 Legnica
53%
1969 Jelenia Góra
49%
1938 Koszalin
49%
1959 Słupsk
49%
1906 Sopot
42%
1962 Inowrocław
36%
1945 Zgorzelec
29%
1921 Cieszyn
27%
1945 Słubice
27%
1945 Kostrzyn nad Odrą
18%
1938 Gubin
16%
1935 Szczekociny
0%
Nie znaleziono quizów pasujących do podanych kryteriów
Rozkład punktacji
Procent ludzi z każdym wynikiem
Percentyl według liczby udzielonych odpowiedzi
Twoja historia wyników
Nie rozwiązałeś tego quizu